01642nam a22002177a 450000500170000000800410001702000180005804000070007604100080008308200170009110000170010824500510012526000610017630000260023736500940026352009930035765000260135065000090137665000190138570000200140420260323145319.0260323b |||||||| |||| 00| 0 eng d a9789385915420 cAL aeng a515.35bKUMD aRakesh Kumar aDifferential equations and integral transforms aNew DelhibCBC Publishers and Distributors Pvt Ltdc2016 axii,548pbPBc23x15cm 2Information Science and EngineeringaVBI-2645b₹318.75c₹d₹425.00e25%f20-02-2026 aThe book focuses on differential equations and integral transforms which form an essential part of mathematics for undergraduate science and engineering students. Differential equations arise in the modeling of various physical problems in applied mathematics, physics and engineering. An integral transform is an important tool to solve the initial and boundary value problems. The entire content is covered in 12 chapters. The chapters devoted to differential equations deal with the study of the solutions of differential equations and partial differential equations by various methods such as series solutions, Laplace transform method, Charpit’s method, Monge’s methods, etc. The chapters focussing on integral transforms cover Laplace transform and its applications, Fourier series, Fourier tranforms and their applications. The book has been designed according to the UGC unified syllabus to meet the requirements of undergraduate students studying at all Indian universities.  aVariable Coefficients aODEs aFourier Series aKumar, Nagendra